Statistics for Most Populated US Towns

Click here to take the quiz!

General Stats

  • This quiz has been taken 4 times
  • The average score is 3 of 15

Answer Stats

Population Town State % Correct
242,354GilbertAZ
50%
54,202ParkerCO
50%
165,904CaryNC
50%
62,276Castle RockCO
25%
59,862Chapel HillNC
25%
105,149DavieFL
25%
73,077Apple ValleyCA
25%
82,552CiceroIL
25%
54,215LeesburgVA
0%
50,451ApexNC
0%
54,284NormalIL
0%
64,976JupiterFL
0%
86,668Mount PleasantSC
0%
76,681Flower MoundTX
0%
56,212HuntersvilleNC
0%

Score Distribution

Percentile by Number Answered

Percent of People with Each Score

Your Score History

You have not taken this quiz